| 000 | 00718nam a2200193 a 4500 | ||
|---|---|---|---|
| 001 | BRCA_564 | ||
| 005 | 20190320203050.0 | ||
| 008 | 220905s1994----mx-a---###---#000-0#spa-d | ||
| 050 | 4 |
_aNE674.E8 _b.E83 1994 |
|
| 245 | 1 | 0 |
_aM. C. Escher _bmovimiento contenido. |
| 260 |
_aMéxico _bMuseo Franz Mayer _c1994 |
||
| 300 |
_a73 p. _bil. a color _c25 cm. |
||
| 500 | _aCatálogo de la exposición realizada en el Museo Franz Mayer (Ciudad de México), 21 abril - 21 junio, 1994 | ||
| 600 | 1 | 4 |
_aEscher, Maurits Cornelis _d1898-1972 _vExposiciones _91948 |
| 650 | 1 | 4 |
_aGrabado _vExposiciones _ySiglo XX _zHolanda _91949 |
| 650 | 1 | 4 |
_aDibujo holandés _vExposiciones _ySiglo XX _91950 |
| 653 | 0 | _aGrabadores holandeses | |
| 942 |
_2lcc _cB |
||
| 999 |
_c495 _d495 |
||